[Event "22nd European Teams"]
[Site "Batumi GEO"]
[Date "2019.10.27"]
[Round "4.18"]
[Board "4"]
[White "Kalezic, Blazo"]
[Black "Klabis, Rokas"]
[Result "1/2-1/2"]
[WhiteTitle "IM"]
[BlackTitle "FM"]
[WhiteElo "2455"]
[BlackElo "2321"]
[WhiteTeam "Montenegro"]
[BlackTeam "Lithuania"]
[WhiteFideId "921815"]
[BlackFideId "12805246"]
[EventDate "2019.10.24"]

1. e4 e5 2. Nf3 Nc6 3. Bb5 a6 4. Ba4 Nf6 5. O-O b5 6. Bb3 Be7 7. Re1 O-O 8. d3
d6 9. c3 Nb8 10. Nbd2 Nbd7 11. Nf1 c5 12. Ng3 Bb7 13. d4 g6 14. d5 Ne8 15. Bh6
Ng7 16. Bc2 a5 17. a4 Ba6 18. axb5 Bxb5 19. Ra2 Qb6 20. Nd2 Rfb8 21. c4 Ba6 22.
Ba4 Bc8 23. Re3 Nf8 24. Bc6 Ra7 25. Rb3 Qc7 26. Ne2 Bb7 27. Bxb7 Raxb7 28. Nc3
Bd8 29. Rxb7 Qxb7 30. Nb5 Qd7 31. Nb3 f5 32. f3 fxe4 33. fxe4 g5 34. Ra3 Ra8 35.
Nd2 Ng6 36. Nf1 Ne8 37. Ng3 Nh4 38. Ra1 Qf7 39. Qg4 Qg6 40. Qd7 Bf6 41. Qe6+ Qf7
42. Rf1 Qxe6 43. dxe6 Ng6 44. Nh5 Be7 45. g3 a4 46. h3 Rc8 47. Ra1 Ra8 48. Kg2
Ra6 49. Kf3 Nf8 50. Bxf8 Kxf8 51. Kg4 Bd8 52. Rf1+ Ke7 53. Rf7+ Kxe6 54. Rxh7 a3
55. bxa3 Ra4 56. Rh6+ Kd7 57. Kf5 Rxc4 58. Rh7+ Be7 59. a4 Rc2 60. a5 Rf2+ 61.
Kg4 Ke6 62. a6 Ra2 63. a7 c4 64. Rh8 Kd7 65. Kf3 Bd8 66. h4 gxh4 67. gxh4 Nc7
68. Nxc7 Kxc7 69. Nf6 Rxa7 70. Nd5+ Kc8 71. h5 Ra3+ 72. Ke2 Rh3 73. h6 Kd7 74.
h7 c3 75. Kd1 Rh2 76. Nxc3 Bf6 77. Rf8 Ke7 78. Ra8 Ke6 79. Ra7 Be7 80. Nd5 Rxh7
81. Ke2 1/2-1/2

[Event "22nd European Teams"]
[Site "Batumi GEO"]
[Date "2019.10.27"]
[Round "4.19"]
[Board "1"]
[White "Saraci, Nderim"]
[Black "Hovhannisyan, Mher"]
[Result "0-1"]
[WhiteTitle "IM"]
[BlackTitle "GM"]
[WhiteElo "2396"]
[BlackElo "2439"]
[WhiteTeam "Kosovo"]
[BlackTeam "Belgium"]
[WhiteFideId "6351921"]
[BlackFideId "13300865"]
[EventDate "2019.10.24"]

1. d4 Nf6 2. Nf3 g6 3. c4 Bg7 4. g3 O-O 5. Bg2 d6 6. O-O Nc6 7. Nc3 Bg4 8. h3
Bxf3 9. exf3 d5 10. f4 e6 11. Be3 dxc4 12. Bxc6 bxc6 13. Qa4 Rb8 14. Rab1 Qd6
15. Qxc4 h5 16. Rfc1 a5 17. b3 h4 18. g4 Rfd8 19. Ne2 Qa3 20. Qc5 Qxc5 21. Rxc5
a4 22. b4 Bf8 23. Rxc6 Bxb4 24. f5 Bd6 25. Rbc1 Nd5 26. Bg5 f6 27. Bxh4 exf5 28.
gxf5 gxf5 29. Ng3 Bxg3 30. Bxg3 f4 31. Bh2 Rb2 32. Ra1 Re8 33. Rc5 c6 34. Rxc6
Ree2 35. Kh1 Rxf2 36. Bg1 Rf3 37. Bh2 Rxh3 38. Rg1+ Kf7 39. Rg2 Rb1+ 40. Rg1 Rb2
41. Rg2 Rxg2 42. Kxg2 Ra3 43. Rd6 Ne3+ 44. Kg1 f3 45. Rd7+ Kg6 46. Re7 Ng4 0-1

[Event "22nd European Teams"]
[Site "Batumi GEO"]
[Date "2019.10.27"]
[Round "4.19"]
[Board "2"]
[White "Dardha, Daniel"]
[Black "Makolli, Perparim"]
[Result "1-0"]
[WhiteTitle "FM"]
[BlackTitle "FM"]
[WhiteElo "2433"]
[BlackElo "2241"]
[WhiteTeam "Belgium"]
[BlackTeam "Kosovo"]
[WhiteFideId "240990"]
[BlackFideId "908630"]
[EventDate "2019.10.24"]

1. c4 e6 2. d4 d5 3. cxd5 exd5 4. Nc3 Nf6 5. Bg5 Be7 6. e3 O-O 7. Bd3 Be6 8. Qc2
Nbd7 9. Nge2 h6 10. Bh4 Re8 11. O-O Nh5 12. Bxe7 Rxe7 13. Rad1 c6 14. f3 Qa5 15.
e4 dxe4 16. fxe4 Qg5 17. b4 Ndf6 18. Qd2 Qh4 19. g3 Qh3 20. Nf4 Nxf4 21. Rxf4
Bg4 22. Rdf1 Nh7 23. R1f2 Ng5 24. Bf1 Qh5 25. h3 Bd7 26. h4 Ne6 27. Rf5 Qg6 28.
d5 Nf8 29. h5 Qxg3+ 30. Rg2 Qd6 31. Qd4 Ne6 32. Qf6 g5 1-0

[Event "22nd European Teams"]
[Site "Batumi GEO"]
[Date "2019.10.27"]
[Round "4.19"]
[Board "3"]
[White "Uruci, Endrit"]
[Black "Beukema, Stefan"]
[Result "1-0"]
[BlackTitle "IM"]
[WhiteElo "2237"]
[BlackElo "2380"]
[WhiteTeam "Kosovo"]
[BlackTeam "Belgium"]
[WhiteFideId "22100199"]
[BlackFideId "1024523"]
[EventDate "2019.10.24"]

1. e4 e5 2. Nf3 Nc6 3. d4 exd4 4. Bc4 Bc5 5. c3 Nf6 6. e5 d5 7. Bb5 Ne4 8. cxd4
Bb6 9. Nc3 O-O 10. Be3 Bg4 11. Bxc6 bxc6 12. h3 Bh5 13. O-O f5 14. Ne2 g5 15.
Ng3 Bg6 16. Nxe4 dxe4 17. Bxg5 Qd5 18. Nh4 Bxd4 19. e6 Rfb8 20. Rb1 Rxb2 21.
Rxb2 Bxb2 22. Qb1 Bd4 23. Qb7 Re8 24. e7 Bb6 25. Nxg6 hxg6 26. Rc1 Qxa2 27. Qxc6
Qf7 28. Rd1 e3 29. Rd8 Kh7 30. Rxe8 1-0

[Event "22nd European Teams"]
[Site "Batumi GEO"]
[Date "2019.10.27"]
[Round "4.19"]
[Board "4"]
[White "Lenaerts, Lennert"]
[Black "Idrizaj, Abedin"]
[Result "1/2-1/2"]
[WhiteTitle "FM"]
[WhiteElo "2333"]
[BlackElo "2231"]
[WhiteTeam "Belgium"]
[BlackTeam "Kosovo"]
[WhiteFideId "211435"]
[BlackFideId "4672046"]
[EventDate "2019.10.24"]

1. d4 Nf6 2. c4 e6 3. Nc3 d5 4. cxd5 exd5 5. Bg5 Be7 6. e3 h6 7. Bh4 O-O 8. Bd3
b6 9. Nf3 Bb7 10. Qc2 c5 11. O-O Nc6 12. a3 cxd4 13. exd4 Na5 14. Ne5 Nc4 15.
Qe2 Nd6 16. Rac1 Nfe4 17. Bxe7 Qxe7 18. f3 Nxc3 19. Rxc3 Rac8 20. Rfc1 Rxc3 21.
Rxc3 Rc8 22. Rxc8+ Bxc8 23. Nc6 Qc7 24. Ne7+ Kf8 25. Nxd5 Qc1+ 26. Kf2 Be6 27.
Ne3 Bb3 28. h3 h5 29. Kg3 Qg1 30. f4 g6 31. h4 Qc1 32. Kh2 Be6 33. Qf2 f5 34.
Qf3 Kf7 35. Nd1 Ne4 36. Nf2 Nxf2 37. Qxf2 Bd5 38. Bf1 Be4 39. Kg3 Ke6 40. Qe2
Kd6 41. Qf2 Qd1 1/2-1/2

[Event "22nd European Teams"]
[Site "Batumi GEO"]
[Date "2019.10.27"]
[Round "4.20"]
[Board "1"]
[White "Tate, Alan"]
[Black "Moroni, Luca Jr"]
[Result "1/2-1/2"]
[WhiteTitle "FM"]
[BlackTitle "GM"]
[WhiteElo "2352"]
[BlackElo "2553"]
[WhiteTeam "Scotland"]
[BlackTeam "Italy"]
[WhiteFideId "2401878"]
[BlackFideId "865834"]
[EventDate "2019.10.24"]

1. d4 d5 2. c4 e6 3. g3 dxc4 4. Bg2 c5 5. Nf3 Nc6 6. Qa4 cxd4 7. Nxd4 Qxd4 8.
Bxc6+ Bd7 9. Be3 Bxc6 10. Qxc6+ bxc6 11. Bxd4 Bb4+ 12. Kf1 Nf6 13. Kg2 c5 14.
Bxf6 gxf6 15. Rc1 Rd8 16. Kf3 O-O 17. Nc3 Bxc3 18. Rxc3 Rd2 19. Rb1 Rb8 20. Rxc4
Rdxb2 21. Rxb2 Rxb2 22. Ra4 Rb7 23. Ke3 f5 24. Kd3 Rd7+ 25. Kc2 Kg7 26. Rc4 Rc7
27. Rh4 Kg6 28. Ra4 e5 29. Ra6+ f6 30. Rd6 Kg5 31. h4+ Kg6 32. Ra6 h6 33. Rd6
Rf7 34. Rc6 Kh5 35. Rxc5 Kg4 36. Rc4+ f4 37. gxf4 exf4 38. e3 Kxh4 39. Rxf4+ Kg5
40. Kd2 Rd7+ 41. Ke2 Rd5 42. Ra4 a5 1/2-1/2

[Event "22nd European Teams"]
[Site "Batumi GEO"]
[Date "2019.10.27"]
[Round "4.20"]
[Board "2"]
[White "Valsecchi, Alessio"]
[Black "Morrison, Graham SCO"]
[Result "1-0"]
[WhiteTitle "GM"]
[BlackTitle "FM"]
[WhiteElo "2504"]
[BlackElo "2262"]
[WhiteTeam "Italy"]
[BlackTeam "Scotland"]
[WhiteFideId "818860"]
[BlackFideId "2400090"]
[EventDate "2019.10.24"]

1. e4 c5 2. Nf3 e6 3. d4 cxd4 4. Nxd4 Nc6 5. Nc3 d6 6. g4 a6 7. Be3 Nge7 8. Nb3
b5 9. f4 Bb7 10. Qe2 Na5 11. O-O-O Nxb3+ 12. axb3 Nc6 13. Kb1 Be7 14. g5 O-O 15.
Rg1 Re8 16. Qf2 Bf8 17. h4 Rc8 18. Bh3 Nb4 19. Bb6 Qd7 20. Rd4 d5 21. f5 e5 22.
Rxb4 Bxb4 23. Nxd5 Bxd5 24. Rd1 Rb8 25. Be3 Qb7 26. exd5 e4 27. f6 Rbd8 28. c3
Bf8 29. fxg7 Bxg7 30. d6 b4 31. c4 Re5 32. h5 Qc6 33. d7 Re6 34. Qd2 Bf8 35.
Bxe6 Qxe6 36. Qd5 1-0

[Event "22nd European Teams"]
[Site "Batumi GEO"]
[Date "2019.10.27"]
[Round "4.20"]
[Board "3"]
[White "Abdulla, Murad"]
[Black "Lodici, Lorenzo"]
[Result "0-1"]
[WhiteTitle "FM"]
[BlackTitle "IM"]
[WhiteElo "2263"]
[BlackElo "2469"]
[WhiteTeam "Scotland"]
[BlackTeam "Italy"]
[WhiteFideId "2403757"]
[BlackFideId "884189"]
[EventDate "2019.10.24"]

1. e4 e5 2. Nf3 Nc6 3. Bb5 a6 4. Ba4 Nf6 5. O-O b5 6. Bb3 Bb7 7. d3 Be7 8. c3
O-O 9. Re1 d6 10. a4 Na5 11. Ba2 c5 12. Nbd2 Qc7 13. Nf1 c4 14. Ng3 Rfe8 15. h3
cxd3 16. axb5 axb5 17. Bb1 Rad8 18. Bxd3 Nc4 19. Qc2 d5 20. exd5 Bxd5 21. Ne4 h6
22. b3 Bxe4 23. Bxe4 Nd6 24. Nd2 Ndxe4 25. Nxe4 Nd5 26. Bb2 Nf4 27. Bc1 Ne6 28.
Qe2 f5 29. Ng3 Qxc3 30. Bb2 Qxb3 31. Nxf5 Bf6 32. Rab1 Nf4 33. Qg4 h5 34. Qf3
Qxf3 35. gxf3 Nxh3+ 36. Kh2 Nxf2 37. Re2 Nd3 38. Ba3 b4 39. Bxb4 Rb8 40. Re4 Re6
41. Ne3 Be7 42. Nd5 Bxb4 43. Nxb4 Reb6 44. Nxd3 Rxb1 45. Rxe5 R8b3 46. Ne1 Rb5
47. Re7 Kf8 48. Re4 Kf7 49. Kg3 Kf6 50. Nd3 R1b3 51. Nf4 Rf5 52. Ra4 Kf7 53.
Ra7+ Kg8 54. Ra8+ Kh7 55. Ra7 Kh6 56. Ra6+ Rf6 57. Ra8 g6 58. Rh8+ Kg7 59. Ra8
h4+ 0-1

[Event "22nd European Teams"]
[Site "Batumi GEO"]
[Date "2019.10.27"]
[Round "4.20"]
[Board "4"]
[White "Sonis, Francesco"]
[Black "Muir, Andrew J"]
[Result "1-0"]
[WhiteTitle "IM"]
[BlackTitle "IM"]
[WhiteElo "2475"]
[BlackElo "2271"]
[WhiteTeam "Italy"]
[BlackTeam "Scotland"]
[WhiteFideId "895733"]
[BlackFideId "2400138"]
[EventDate "2019.10.24"]

1. d4 d5 2. c4 e6 3. Nc3 c6 4. Nf3 Nf6 5. Bg5 dxc4 6. e4 b5 7. a4 Bb7 8. axb5
cxb5 9. Nxb5 Bb4+ 10. Nc3 Bxe4 11. Bxc4 O-O 12. O-O Bxc3 13. bxc3 Nbd7 14. Nd2
Qc7 15. Ra3 Bb7 16. Re1 Qc6 17. Bf1 a5 18. c4 a4 19. Rg3 Kh8 20. Qa1 Ra5 21. c5
Raa8 22. Nc4 Ne4 23. Rxe4 Qxe4 24. Nd6 Qc6 25. Bh6 gxh6 26. d5+ f6 27. dxc6 Bxc6
28. Qc1 1-0

[Event "22nd European Teams"]
[Site "Batumi GEO"]
[Date "2019.10.28"]
[Round "5.1"]
[Board "3"]
[White "Alekseenko, Kirill"]
[Black "Melkumyan, Hrant"]
[Result "1/2-1/2"]
[WhiteTitle "GM"]
[BlackTitle "GM"]
[WhiteElo "2674"]
[BlackElo "2650"]
[WhiteTeam "Russia"]
[BlackTeam "Armenia"]
[WhiteFideId "4135539"]
[BlackFideId "13302485"]
[EventDate "2019.10.24"]

1. e4 e5 2. Nf3 Nf6 3. Nxe5 d6 4. Nf3 Nxe4 5. Nc3 Nxc3 6. dxc3 Be7 7. Be3 O-O 8.
Qd2 Nd7 9. O-O-O c6 10. h4 Re8 11. Kb1 d5 12. Bd3 Bc5 13. Bg5 f6 14. Bf4 Nf8 15.
Nd4 Ng6 16. h5 Ne5 17. f3 Bf8 18. g4 Nxd3 19. Qxd3 Qe7 20. a3 Bd7 21. Rdg1 c5
22. Nb5 Bxb5 23. Qxb5 Qf7 24. Re1 a6 25. Qd3 c4 26. Qd4 Re6 27. Rd1 Rd8 28. Rhe1
Rc6 29. Qd2 b5 30. h6 g6 31. g5 fxg5 32. Bxg5 Rd7 33. f4 a5 34. Re5 b4 35. Rxd5
Rcd6 36. Rxd6 Rxd6 37. Qxd6 Bxd6 38. Rxd6 Qb7 39. axb4 axb4 40. Rd8+ Kf7 41.
cxb4 1/2-1/2

[Event "22nd European Teams"]
[Site "Batumi GEO"]
[Date "2019.10.28"]
[Round "5.2"]
[Board "2"]
[White "McShane, Luke J"]
[Black "Kuzubov, Yuriy"]
[Result "0-1"]
[WhiteTitle "GM"]
[BlackTitle "GM"]
[WhiteElo "2682"]
[BlackElo "2636"]
[WhiteTeam "England"]
[BlackTeam "Ukraine"]
[WhiteFideId "404853"]
[BlackFideId "14112906"]
[EventDate "2019.10.24"]

1. e4 c6 2. Nf3 d5 3. Nc3 dxe4 4. Nxe4 Nf6 5. Qe2 Nxe4 6. Qxe4 Nd7 7. Bc4 Nf6 8.
Ne5 e6 9. Qe2 b5 10. Bb3 Qc7 11. d4 Bd6 12. O-O O-O 13. Bf4 a5 14. c3 c5 15.
dxc5 Qxc5 16. Rad1 Bc7 17. Rd4 Bb7 18. Rfd1 a4 19. Bc2 a3 20. bxa3 Rxa3 21. Bb3
Bd5 22. Nd3 Qxc3 23. Be3 Bxb3 24. axb3 e5 25. Rh4 Rd8 26. g4 Qxb3 27. g5 Rxd3
28. Rc1 Ne8 29. Qh5 Rxe3 30. Qxh7+ Kf8 31. Rb1 Qd3 0-1

[Event "22nd European Teams"]
[Site "Batumi GEO"]
[Date "2019.10.28"]
[Round "5.2"]
[Board "3"]
[White "Volokitin, Andrei"]
[Black "Howell, David W L"]
[Result "1-0"]
[WhiteTitle "GM"]
[BlackTitle "GM"]
[WhiteElo "2627"]
[BlackElo "2694"]
[WhiteTeam "Ukraine"]
[BlackTeam "England"]
[WhiteFideId "14107090"]
[BlackFideId "410608"]
[EventDate "2019.10.24"]

1. e4 e5 2. Nf3 Nc6 3. Bc4 Bc5 4. c3 Nf6 5. d4 exd4 6. e5 d5 7. Bb5 Ne4 8. cxd4
Bb4+ 9. Bd2 Nxd2 10. Nbxd2 O-O 11. O-O Bd7 12. a3 Ba5 13. Nb3 Bb6 14. Re1 a6 15.
Bxc6 Bxc6 16. Nc5 Qe7 17. Rc1 a5 18. Re3 a4 19. Qe2 Ra5 20. e6 Bxc5 21. dxc5
fxe6 22. Rxe6 Qf7 23. Nd4 Qf4 24. Rd1 Rxc5 25. g3 Qf7 26. Re7 Qf6 27. Qe6+ Qxe6
28. Nxe6 Rc2 29. Nxf8 Kxf8 30. Rxc7 Rxb2 31. Rd4 h5 32. Rf4+ Kg8 33. Rff7 d4 34.
Rxg7+ Kf8 35. Rgf7+ Kg8 36. Kf1 d3 37. Ke1 d2+ 38. Ke2 Rc2 39. Rg7+ Kf8 40.
Rgf7+ Kg8 41. Kd1 Ra2 42. Rf5 h4 43. gxh4 Rxa3 44. Ra5 Bf3+ 45. Kxd2 b6 46. Raa7 1-0

[Event "22nd European Teams"]
[Site "Batumi GEO"]
[Date "2019.10.28"]
[Round "5.2"]
[Board "4"]
[White "Jones, Gawain C B"]
[Black "Onischuk, Vladimir"]
[Result "1-0"]
[WhiteTitle "GM"]
[BlackTitle "GM"]
[WhiteElo "2688"]
[BlackElo "2616"]
[WhiteTeam "England"]
[BlackTeam "Ukraine"]
[WhiteFideId "409561"]
[BlackFideId "14114038"]
[EventDate "2019.10.24"]

1. e4 e5 2. Nf3 Nc6 3. Bb5 Nf6 4. O-O Nxe4 5. Re1 Nd6 6. Nxe5 Be7 7. Bf1 Nxe5 8.
Rxe5 O-O 9. d4 Bf6 10. Re1 Re8 11. Bf4 Rxe1 12. Qxe1 Ne8 13. Nc3 Bxd4 14. Nd5 d6
15. Bg5 f6 16. Bh4 Bxb2 17. Rb1 Be5 18. f4 c6 19. fxe5 cxd5 20. exf6 Nxf6 21.
Bd3 Bd7 22. Qg3 Bc6 23. Bg5 Kh8 24. Qh4 Qg8 25. Bxf6 gxf6 26. Rb4 f5 27. Bxf5
Rf8 28. Rg4 Qf7 29. Rg5 Be8 30. h3 Rg8 31. Be6 1-0

[Event "22nd European Teams"]
[Site "Batumi GEO"]
[Date "2019.10.28"]
[Round "5.3"]
[Board "1"]
[White "Saric, Ivan"]
[Black "Naiditsch, Arkadij"]
[Result "1/2-1/2"]
[WhiteTitle "GM"]
[BlackTitle "GM"]
[WhiteElo "2667"]
[BlackElo "2643"]
[WhiteTeam "Croatia"]
[BlackTeam "Azerbaijan"]
[WhiteFideId "14508150"]
[BlackFideId "4650891"]
[EventDate "2019.10.24"]

1. c4 e5 2. g3 Nf6 3. Bg2 c6 4. Nf3 e4 5. Nd4 d5 6. cxd5 Qxd5 7. e3 Bg4 8. Nc3
Bxd1 9. Nxd5 cxd5 10. Kxd1 Nc6 11. Nxc6 bxc6 12. b3 Bd6 13. Ke2 a5 14. Bb2 a4
15. b4 Bxb4 16. Rab1 Bd6 17. Bxf6 gxf6 18. Rhc1 Kd7 19. Rb6 c5 20. Rcb1 Rhb8 21.
Bh3+ Ke8 22. Bf5 h6 23. f3 Bc7 24. R6b5 exf3+ 25. Kxf3 Rxb5 26. Rxb5 Ra5 27. Rb7
Kd8 28. h3 a3 29. g4 c4 30. Ke2 Ra6 31. Kd1 Rb6 32. Rxb6 Bxb6 1/2-1/2

[Event "22nd European Teams"]
[Site "Batumi GEO"]
[Date "2019.10.28"]
[Round "5.3"]
[Board "2"]
[White "Mamedov, Rauf"]
[Black "Bosiocic, Marin"]
[Result "1/2-1/2"]
[WhiteTitle "GM"]
[BlackTitle "GM"]
[WhiteElo "2645"]
[BlackElo "2619"]
[WhiteTeam "Azerbaijan"]
[BlackTeam "Croatia"]
[WhiteFideId "13401653"]
[BlackFideId "14507927"]
[EventDate "2019.10.24"]

1. e4 e5 2. Nf3 Nc6 3. Bb5 a6 4. Ba4 Nf6 5. Nc3 b5 6. Bb3 Be7 7. a4 b4 8. Nd5
Na5 9. Ba2 b3 10. cxb3 Nxd5 11. exd5 e4 12. Ne5 O-O 13. O-O Bb7 14. d3 Bxd5 15.
dxe4 Be6 16. Bd2 Nb7 17. Bc3 Nc5 18. Re1 a5 19. Qd4 f6 20. Nc4 Nb7 21. Ne3 Bc5
22. Qd3 Nd6 23. Rac1 Qb8 24. Nd5 Qa7 25. Re2 Rae8 26. Nf4 Bf7 27. Bb1 Re5 28.
Kh1 c6 29. Qd2 Bxb3 30. Bxe5 fxe5 31. Qc3 Bc4 32. Bd3 Bxd3 33. Nxd3 Bd4 34. Qb3+
Kh8 35. f4 exf4 36. e5 Ne8 37. e6 Be3 38. Rf1 d5 39. Ne5 Nf6 40. Nxc6 Qc7 41.
Qc3 Re8 42. e7 Qd6 43. Nd4 Qe5 44. Nf5 d4 45. Qd3 g5 46. Qb5 Qxb5 47. axb5 d3
48. Ree1 d2 49. Re2 Rc8 50. Rxe3 fxe3 51. Nxe3 Kg7 52. b6 Kf7 53. b7 Rb8 54. Ng4
Kxe7 55. Nxf6 Rxb7 56. Ne4 Rxb2 57. Rd1 a4 58. Nxd2 a3 59. Nc4 Rb3 60. Re1+ Kd8 1/2-1/2

[Event "22nd European Teams"]
[Site "Batumi GEO"]
[Date "2019.10.28"]
[Round "5.3"]
[Board "3"]
[White "Stevic, Hrvoje"]
[Black "Guseinov, Gadir"]
[Result "1/2-1/2"]
[WhiteTitle "GM"]
[BlackTitle "GM"]
[WhiteElo "2570"]
[BlackElo "2660"]
[WhiteTeam "Croatia"]
[BlackTeam "Azerbaijan"]
[WhiteFideId "14502569"]
[BlackFideId "13401378"]
[EventDate "2019.10.24"]

1. e4 c5 2. c3 Nf6 3. e5 Nd5 4. Nf3 Nc6 5. Bc4 Nb6 6. Bb3 d5 7. exd6 Qxd6 8. Na3
a6 9. O-O Bf5 10. d4 cxd4 11. Nxd4 Nxd4 12. cxd4 e6 13. Qf3 Qd7 14. d5 Nxd5 15.
Rd1 Bxa3 16. bxa3 O-O 17. h4 Rac8 18. Bxd5 exd5 19. Rxd5 Qe6 20. Rxf5 Qe1+ 21.
Kh2 Rxc1 22. Rxc1 Qxc1 23. Qxb7 Qxa3 24. Qb3 Qxb3 25. axb3 Rb8 26. Rc5 g6 27.
Rc6 a5 28. Rc5 Rb4 29. g3 a4 30. bxa4 Rxa4 31. h5 1/2-1/2

[Event "22nd European Teams"]
[Site "Batumi GEO"]
[Date "2019.10.28"]
[Round "5.3"]
[Board "4"]
[White "Safarli, Eltaj"]
[Black "Brkic, Ante"]
[Result "1/2-1/2"]
[WhiteTitle "GM"]
[BlackTitle "GM"]
[WhiteElo "2593"]
[BlackElo "2600"]
[WhiteTeam "Azerbaijan"]
[BlackTeam "Croatia"]
[WhiteFideId "13402129"]
[BlackFideId "14506688"]
[EventDate "2019.10.24"]

1. e4 e5 2. Nf3 Nc6 3. Bb5 a6 4. Ba4 Nf6 5. O-O Nxe4 6. d4 b5 7. Bb3 d5 8. dxe5
Be6 9. Nbd2 Nc5 10. c3 Be7 11. Bc2 d4 12. Nb3 d3 13. Bb1 Nxb3 14. axb3 Bf5 15.
b4 O-O 16. Re1 Qd7 17. Bf4 Rfd8 18. h4 h6 19. Re3 a5 20. bxa5 Nxa5 21. e6 fxe6
22. Ne5 Qd5 23. Qh5 Nc4 24. Rxa8 Rxa8 25. Qf7+ Kh8 26. Rg3 Bf8 27. Nd7 Nd6 28.
Bxd6 Qxd6 29. Nf6 Bh7 30. Bxd3 Qf4 31. Bxh7 Ra1+ 32. Kh2 Qxh4+ 33. Rh3 Qf4+ 34.
Rg3 Qh4+ 35. Rh3 Qf4+ 1/2-1/2

[Event "22nd European Teams"]
[Site "Batumi GEO"]
[Date "2019.10.28"]
[Round "5.4"]
[Board "1"]
[White "Giri, Anish"]
[Black "Nisipeanu, Liviu-Dieter"]
[Result "1/2-1/2"]
[WhiteTitle "GM"]
[BlackTitle "GM"]
[WhiteElo "2780"]
[BlackElo "2656"]
[WhiteTeam "Netherlands"]
[BlackTeam "Germany"]
[WhiteFideId "24116068"]
[BlackFideId "1202758"]
[EventDate "2019.10.24"]

1. e4 e6 2. d4 d5 3. Nc3 Bb4 4. e5 c5 5. a3 Bxc3+ 6. bxc3 Ne7 7. Qg4 O-O 8. Bd3
f5 9. exf6 Rxf6 10. Qd1 Nbc6 11. Nf3 h6 12. O-O Qa5 13. Be2 Rxf3 14. Bxf3 Qxc3
15. Bd2 Qxd4 16. a4 Ne5 17. Be2 Nc4 18. Bxc4 Qxc4 19. Bxh6 gxh6 20. Qh5 Bd7 21.
Ra3 Nf5 22. Qg6+ Kh8 23. Qf6+ Kg8 24. Qg6+ Kh8 25. Qf6+ Kg8 1/2-1/2

[Event "22nd European Teams"]
[Site "Batumi GEO"]
[Date "2019.10.28"]
[Round "5.4"]
[Board "2"]
[White "Bluebaum, Matthias"]
[Black "L'Ami, Erwin"]
[Result "1-0"]
[WhiteTitle "GM"]
[BlackTitle "GM"]
[WhiteElo "2643"]
[BlackElo "2619"]
[WhiteTeam "Germany"]
[BlackTeam "Netherlands"]
[WhiteFideId "24651516"]
[BlackFideId "1007998"]
[EventDate "2019.10.24"]

1. d4 d5 2. c4 e6 3. Nf3 Nf6 4. g3 dxc4 5. Bg2 a6 6. Ne5 Bb4+ 7. Nc3 Nd5 8. Bd2
Nb6 9. e3 O-O 10. Qe2 N8d7 11. Nxc4 Nxc4 12. Qxc4 Be7 13. O-O e5 14. Nd5 Bd6 15.
Ba5 Nb6 16. Bxb6 cxb6 17. dxe5 Bxe5 18. Qb4 Be6 19. Nxb6 Rb8 20. Rad1 Qe8 21. b3
Bf6 22. Nd5 Qb5 23. Nxf6+ gxf6 24. Qc3 Kg7 25. Rd4 Rfc8 26. Qd2 Qc5 27. Bd5 Qc2
28. Bxe6 Qxd2 29. Rxd2 fxe6 30. Rd7+ Kg6 31. Rfd1 e5 32. R1d6 Rc6 33. Rxc6 bxc6
34. Ra7 Rb6 35. Kf1 h5 36. Ke2 Kf5 37. h3 Ke6 38. Kd3 c5 39. Kc4 Rd6 40. Kxc5
Rd2 41. Rxa6+ Kf7 42. b4 1-0

[Event "22nd European Teams"]
[Site "Batumi GEO"]
[Date "2019.10.28"]
[Round "5.4"]
[Board "3"]
[White "Van Foreest, Jorden"]
[Black "Fridman, Daniel"]
[Result "1-0"]
[WhiteTitle "GM"]
[BlackTitle "GM"]
[WhiteElo "2621"]
[BlackElo "2637"]
[WhiteTeam "Netherlands"]
[BlackTeam "Germany"]
[WhiteFideId "1039784"]
[BlackFideId "11600454"]
[EventDate "2019.10.24"]

1. e4 e5 2. Nf3 Nf6 3. d4 Nxe4 4. Bd3 d5 5. Nxe5 Nd7 6. Nc3 Nxc3 7. bxc3 Bd6 8.
O-O O-O 9. Re1 c5 10. Qf3 c4 11. Bf5 Nxe5 12. dxe5 Bc5 13. Bxc8 Rxc8 14. Rd1 f6
15. Rxd5 Qb6 16. Be3 fxe5 17. Rxc5 Rxc5 18. Bxc5 Qxc5 19. Qe2 Rd8 20. g3 Rd5 21.
a4 b6 22. Kg2 Rd8 23. Kg1 h6 24. h4 Kh8 25. Rb1 a6 26. Re1 Rd5 27. Kg2 Rd8 28.
Kg1 Rd5 29. Kf1 Qc6 30. Qe4 Qc5 31. Qf5 Qc6 32. Qe4 Qc5 33. Re3 Rd1+ 34. Ke2 Qd5
35. Qxd5 Rxd5 36. Re4 Rc5 37. Rg4 a5 38. Rg6 b5 39. axb5 Rxb5 40. Rc6 a4 41. Ra6
Rb2 42. Kd2 Ra2 43. Rc6 Ra1 44. Rxc4 Rf1 45. Ke2 Rc1 46. Kd3 a3 47. Ra4 Rf1 48.
Ke3 Re1+ 49. Kf3 Ra1 50. Ra8+ Kh7 51. h5 Ra2 52. Ke4 Rxc2 53. Rxa3 Rxf2 54. c4
Rc2 55. Kd5 g6 56. Ra7+ Kg8 57. hxg6 e4 58. Ra3 Kg7 59. Re3 h5 60. c5 Kxg6 61.
Rxe4 Rc3 62. c6 Kf6 63. Rc4 Rd3+ 64. Ke4 Rd8 65. c7 Rc8 1-0

[Event "22nd European Teams"]
[Site "Batumi GEO"]
[Date "2019.10.28"]
[Round "5.4"]
[Board "4"]
[White "Svane, Rasmus"]
[Black "Van den Doel, Erik"]
[Result "1-0"]
[WhiteTitle "GM"]
[BlackTitle "GM"]
[WhiteElo "2592"]
[BlackElo "2603"]
[WhiteTeam "Germany"]
[BlackTeam "Netherlands"]
[WhiteFideId "4657101"]
[BlackFideId "1003720"]
[EventDate "2019.10.24"]

1. e4 e5 2. Nf3 Nc6 3. Bb5 a6 4. Ba4 Nf6 5. O-O Be7 6. d3 d6 7. c3 O-O 8. Re1 b5
9. Bc2 Bb7 10. a4 d5 11. Nbd2 Re8 12. Qe2 d4 13. cxd4 Nxd4 14. Nxd4 exd4 15. Nf1
Bd6 16. Ng3 Bxg3 17. hxg3 c5 18. f3 Rc8 19. Qf2 Nd7 20. b3 Ne5 21. Bb2 Nc6 22.
axb5 axb5 23. Bd1 Ra8 24. Be2 Qd6 25. Bf1 Rxa1 26. Rxa1 Ra8 27. Rxa8+ Bxa8 28.
Bc1 Nb4 29. Bf4 Qa6 30. g4 Qf6 31. Qg3 Qc6 32. Qh4 f6 33. g5 Bb7 34. gxf6 Qxf6
35. Qg3 Bc8 36. Be5 Qh6 37. Bf4 Qg6 38. Qh4 Nc6 39. Be2 h6 40. Bd1 Kh7 41. Qg3
Qxg3 42. Bxg3 Nb4 43. Be2 Na2 44. Bd6 Nc1 45. Kf1 Nxb3 46. Bd1 c4 47. Bxb3 cxb3
48. Ba3 h5 49. Bb2 g5 50. Bxd4 g4 51. Kf2 h4 52. fxg4 Bxg4 53. Bb2 Kg8 54. d4
Kf7 55. d5 h3 56. gxh3 Bxh3 57. Ke3 Ke7 58. Kd4 Kd7 59. Kc5 Bg4 60. e5 Bh3 61.
Kxb5 Bg4 62. Kc5 Bf5 63. Kd4 Bg4 64. Ba3 Bf3 65. e6+ Ke8 66. d6 Bc6 67. Kc5 Ba4
68. Bb2 Kd8 69. Bc3 Kc8 70. Bf6 Be8 71. Kd5 Bb5 72. Ke4 Bc6+ 73. Kf5 Bd7 74. Bc3
Be8 75. Kf6 Kd8 76. Bd4 Bb5 77. Kf7 Be8+ 78. Kf8 Bd7 79. Bf6+ Kc8 80. Ke7 1-0